| 000 | 00592nam a22001817a 4500 | ||
|---|---|---|---|
| 005 | 20250915143910.0 | ||
| 008 | 240104b ||||| |||| 00| 0 eng d | ||
| 020 | _a9780357433836 | ||
| 082 | _aDC 005.432 T599 2021 | ||
| 100 |
_aTomsho, Greg. _928500 |
||
| 245 |
_aGuide to operating systems / _cGreg Tomsho. |
||
| 250 | _aSixth edition. | ||
| 260 |
_aUnited States of America : _bCengage learning Inc., _c©2021. |
||
| 300 |
_axx, 569 pages : _bcolor illustration ; _c23 cm. |
||
| 500 | _aIncludes glossary and index. | ||
| 650 |
_aOperating systems (Computers). _950612 |
||
| 942 |
_2ddc _cDC |
||
| 999 |
_c18641 _d18641 |
||